000 00709cam a2200205 4500
001 ABS61220
008 000000n1999 000 0 eng u
035 _a(Sirsi) u101820
100 _aBlyth, A.
245 _aSustainability for kids.
260 _c1999
490 _aBuilding Services Journal
_v21(9) September 1999, 18-22(5)
520 _a Building study of Notley Green School, Essex, a primary school which is designed for sustainability within a limited budget. Gives energy specification and brief cost breakdown.
650 _aSUSTAINABLE BUILDINGS
650 _aPRIMARY SCHOOLS
650 _aSUSTAINABLE DESIGN
650 _aENERGY EFFICIENCY
690 _aEnvironment
_96238
942 _n0
999 _c60932
_d60932